Bihar - Districts - Statistics

General Stats
  • This quiz has been taken 34 times
  • The average score is 21 of 38
Answer Stats
Answer % Correct
Patna
96%
Gaya
77%
Muzaffarpur
77%
Bhagalpur
69%
Darbhanga
69%
Gopalganj
69%
Sitamarhi
69%
Araria
65%
Begusarai
65%
Buxar
65%
Rohtas
65%
Katihar
62%
Kishanganj
62%
Siwan
62%
Supaul
62%
Aurangabad
58%
Madhubani
58%
Nalanda
58%
Banka
54%
Madhepura
54%
Nawada
54%
Bhojpur
50%
East Champaran (Motihari)
50%
Lakhisarai
50%
Samastipur
50%
Arwal
46%
Jehanabad
46%
Khagaria
46%
Saharsa
46%
Jamui
42%
Saran (Chhapra)
42%
Sheikhpura
42%
Vaishali (Hajipur)
42%
West Champaran (Bettiah)
42%
Sheohar
38%
Purnia (Purnea)
31%
Kaimur (Bhabua)
23%
Munger (Monghyr)
8%
No matching quizzes found
Score Distribution
Percent of People with Each Score
Percentile by Number Answered
Your Score History
You have not taken this quiz